| 000 | 00435nam a2200145 a 4500 | ||
|---|---|---|---|
| 001 | 000049115 | ||
| 005 | 20201002061652.0 | ||
| 008 | 190719s1988 dr 000 spa d | ||
| 040 |
_aDO-SdBNP _bspa _cBNPHU |
||
| 100 |
_aAlvárez P., Eduardo A. _959008 |
||
| 245 | 0 |
_aCristóbal Colón / _cEduardo A. Alvárez P.,. |
|
| 260 |
_aSanto Domingo : _bCorripio, _c1988. |
||
| 300 |
_a111 p. : _bil. ; _c23 cm. |
||
| 590 | _aInventariado, 2019 / DG | ||
| 999 |
_c48603 _d48603 |
||